Khảo sát hệ thống bài tập cảm thụ văn học trong sách giáo khoa tiếng việt lớp 4,5

Những vấn đề lí luận chung. Thống kê, phân loại hệ thống bài tập cảm thụ văn học trong sách giáo khoa tiếng việt lớp 4,5. Xây dựng tổ hợp bài tập cảm thụ văn học nâng cao hỗ trợ cho học sinh giỏi lớp 4,5

محفوظ في:
التفاصيل البيبلوغرافية
المؤلف الرئيسي: Lê, Thị Hông Nhung
مؤلفون آخرون: Bùi, Thị Thanh Th.S (Hướng dẫn)
التنسيق: كتاب
اللغة:Vietnamese
منشور في: Đại học Đà Nẵng Trường đại học Sư Phạm 2011
سلاسل:Khóa luận tốt nghiệp Đại học. Chuyên ngành: Sư phạm Tiểu học
الموضوعات:
الوسوم: إضافة وسم
لا توجد وسوم, كن أول من يضع وسما على هذه التسجيلة!
Thư viện lưu trữ: Mạng thư viện Đại học Đà Nẵng
LEADER 01674nam a2200349 4500
001 000011332
003 7572
005 20120203100204.0
008 120203s2011 viesd
041 |a vie 
072 |a Khóa luận tốt nghiệp 
082 |a 372.64  |b LE-N 
100 |a Lê, Thị Hông Nhung 
245 |a Khảo sát hệ thống bài tập cảm thụ văn học trong sách giáo khoa tiếng việt lớp 4,5  |c Lê, Thị Hồng Nhung 
260 |a Đại học Đà Nẵng  |b Trường đại học Sư Phạm  |c 2011 
300 |a 68 tr.  |b bảng  |c 29 cm  |e Tóm tắt + đĩa CD 
490 |a Khóa luận tốt nghiệp Đại học. Chuyên ngành: Sư phạm Tiểu học 
500 |a Tham khảo tr.67-68 + phụ lục [19 tr.] 
520 |a Những vấn đề lí luận chung. Thống kê, phân loại hệ thống bài tập cảm thụ văn học trong sách giáo khoa tiếng việt lớp 4,5. Xây dựng tổ hợp bài tập cảm thụ văn học nâng cao hỗ trợ cho học sinh giỏi lớp 4,5 
653 |a Khóa luận tốt nghiệp đại học 
653 |a Khoa GD Tiểu Học - Mần Non 
700 |a Bùi, Thị Thanh  |c Th.S  |e Hướng dẫn 
OWN |a LSP 
AVA |a UDN50  |b LSP  |d 372.64 LE-N  |e available  |t Error 5001 Not defined in file expand_doc_bib_avail.  |f 1  |g 0  |h N  |i 0  |k 1 
999 |a From the UDN01 
AVA |a UDN50  |b LSP  |d 372.64 LE-N  |e available  |t Error 5001 Not defined in file expand_doc_bib_avail.  |f 1  |g 0  |h N  |i 0  |k 1 
TYP |a Monograph 
TYP |a Printed language 
980 |a Mạng thư viện Đại học Đà Nẵng